000 00984nam a2200229 a 4500
001 86450
003 BD-RjUL
005 20260507122002.0
008 260507s2025 bg ||||| |||| 00| 0 ben d
020 _a9789849051107
035 _a(BD-RjUL)86450
040 _aBD-RjUL
_beng
_cBD-RjUL
041 _aben
082 _223
_a004.01
_bHOT 2025
100 _aহোসেন, মো. একরাম
_918406
245 _aতথ্য প্রযুক্তির মৌল ধারণা ও কম্পিউটার নীতিবিদ্যা /
_cমো. একরাম হোসেন
260 _aঢাকা :
_bইত্যাদি গ্রন্থ প্রকাশ,
_c২০২৫
300 _a২৯৪ পৃ. :
_bচিত্রসমূহ;
_c২২ সেমি.
650 _aকম্পিউটার বিজ্ঞান
_xদর্শন ও তত্ত্ব
_918407
650 _aComputer Science
_xPhilosophy and Theory
_918408
942 _2ddc
_cBK
999 _c86450
_d86450